Measurement Uncertainty in Chemical Analysis

Enregistré dans:
Détails bibliographiques
Auteur principal: De Bievre, Paul
Autres auteurs: Gunzler, Helmut
Format: Livre
Langue:anglais
Publié: Berlin Springer-Verlag 2003
Sujets:
Accès en ligne:Voir à l'OPAC
Tags: Ajouter un tag
Pas de tags, Soyez le premier à ajouter un tag!

MARC

LEADER 00000nam a2200000 a 4500
005 20260127134242.0
008 060315 2003 gw 000 0 eng d
020 |a 3540439900 
035 |a vtls008631560 
039 9 |y 200603151135  |z mschk03 
040 |a STUSCHK1  |b slo  |c STUSCHK1  |e AACR2 
080 |a 543/.1 
100 1 |a De Bievre, Paul 
245 1 |a Measurement Uncertainty in Chemical Analysis  |c Paul De Bievre, Helmut Gunzler, editors 
260 |a Berlin  |b Springer-Verlag  |c 2003 
300 |a xii, 283 p.  |b ill.  |c 29 cm 
650 0 |a Chemistry, Analytic  |x Quantitative 
650 0 |a mensuration 
650 0 |a uncertainty 
700 1 |a Gunzler, Helmut 
910 |a SCHK95 
919 |a 3-540-43990-0 
999 |c 7888  |d 7888